Can you name every grass type Pokémon? Version I - Statistics

General Stats
  • This quiz has been taken 6 times
  • The average score is 121 of 128
Answer Stats
Pokédex Number Types Pokémon % Correct
#460 Grass/Ice Abomasnow
100%
#103 Grass/Dragon Alolan Exeggutor
100%
#842 Grass/Dragon Appletun
100%
#840 Grass/Dragon Applin
100%
#493 Grass Arceus (Meadow Plate)
100%
#153 Grass Bayleef
100%
#182 Grass Bellossom
100%
#069 Grass/Poison Bellsprout
100%
#761 Grass Bounsweet
100%
#286 Grass/Fighting Breloom
100%
#406 Grass/Poison Budew
100%
#001 Grass/Poison Bulbasaur
100%
#331 Grass Cacnea
100%
#332 Grass/Dark Cacturne
100%
#251 Psychic/Grass Celebi
100%
#420 Grass Cherubi
100%
#650 Grass Chespin
100%
#152 Grass Chikorita
100%
#546 Grass/Fairy Cottonee
100%
#346 Rock/Grass Cradily
100%
#723 Grass/Flying Dartrix
100%
#724 Grass/Ghost Decidueye
100%
#781 Ghost/Grass Dhelmise
100%
#830 Grass Eldegoss
100%
#102 Grass/Psychic Exeggcute
100%
#103 Grass/Psychic Exeggutor
100%
#597 Grass/Steel Ferroseed
100%
#598 Grass/Steel Ferrothorn
100%
#841 Grass/Dragon Flapple
100%
#044 Grass/Poison Gloom
100%
#673 Grass Gogoat
100%
#829 Grass Gossifleur
100%
#711 Ghost/Grass Gourgeist (Average Size)
100%
#711 Ghost/Grass Gourgeist (Large Size)
100%
#711 Ghost/Grass Gourgeist (Small Size)
100%
#711 Ghost/Grass Gourgeist (Super Size)
100%
#810 Grass Grookey
100%
#253 Grass Grovyle
100%
#187 Grass/Flying Hoppip
100%
#002 Grass/Poison Ivysaur
100%
#189 Grass/Flying Jumpluff
100%
#470 Grass Leafeon
100%
#542 Bug/Grass Leavanny
100%
#345 Rock/Grass Lileep
100%
#549 Grass Lilligant
100%
#271 Water/Grass Lombre
100%
#270 Water/Grass Lotad
100%
#272 Water/Grass Ludicolo
100%
#460 Grass/Ice Mega Abomasnow
100%
#154 Grass Meganium
100%
#254 Grass/Dragon Mega Sceptile
100%
#003 Grass/Poison Mega Venusaur
100%
#755 Grass/Fairy Morelull
100%
#274 Grass/Dark Nuzleaf
100%
#043 Grass/Poison Oddish
100%
#046 Bug/Grass Paras
100%
#047 Bug/Grass Parasect
100%
#548 Grass Petilil
100%
#708 Ghost/Grass Phantump
100%
#710 Ghost/Grass Pumpkaboo (Average Size)
100%
#710 Ghost/Grass Pumpkaboo (Large Size)
100%
#710 Ghost/Grass Pumpkaboo (Small Size)
100%
#710 Ghost/Grass Pumpkaboo (Super Size)
100%
#812 Grass Rillaboom
100%
#315 Grass/Poison Roselia
100%
#407 Grass/Poison Roserade
100%
#722 Grass/Flying Rowlet
100%
#254 Grass Sceptile
100%
#273 Grass Seedot
100%
#497 Grass Serperior
100%
#496 Grass Servine
100%
#540 Bug/Grass Sewaddle
100%
#275 Grass/Dark Shiftry
100%
#756 Grass/Fairy Shiinotic
100%
#285 Grass Shroomish
100%
#672 Grass Skiddo
100%
#188 Grass/Flying Skiploom
100%
#495 Grass Snivy
100%
#459 Grass/Ice Snover
100%
#762 Grass Steenee
100%
#192 Grass Sunflora
100%
#191 Grass Sunkern
100%
#541 Bug/Grass Swadloon
100%
#114 Grass Tangela
100%
#465 Grass Tangrowth
100%
#811 Grass Thwackey
100%
#252 Grass Treecko
100%
#709 Ghost/Grass Trevenant
100%
#357 Grass/Flying Tropius
100%
#763 Grass Tsareena
100%
#387 Grass Turtwig
100%
#003 Grass/Poison Venusaur
100%
#071 Grass/Poison Victreebel
100%
#045 Grass/Poison Vileplume
100%
#640 Grass/Fighting Virizion
100%
#070 Grass/Poison Weepinbell
100%
#547 Grass/Fairy Whimsicott
100%
#591 Grass/Poison Amoonguss
83%
#??? Pschic/Grass Calyrex
83%
#455 Grass Carnivine
83%
#652 Grass/Fighting Chesnaught
83%
#585 Normal/Grass Deerling (Autumn Form)
83%
#585 Normal/Grass Deerling (Spring Form)
83%
#585 Normal/Grass Deerling (Summer Form)
83%
#585 Normal/Grass Deerling (Winter Form)
83%
#590 Grass/Poison Foongus
83%
#388 Grass Grotle
83%
#798 Grass/Steel Kartana
83%
#556 Grass Maractus
83%
#479 Electric/Grass Mow Rotom
83%
#511 Grass Pansage
83%
#651 Grass Quilladin
83%
#586 Normal/Grass Sawsbuck (Autumn Form)
83%
#586 Normal/Grass Sawsbuck (Spring Form)
83%
#586 Normal/Grass Sawsbuck (Summer Form)
83%
#586 Normal/Grass Sawsbuck (Winter Form)
83%
#492 Grass Shaymin (Land Forme)
83%
#492 Grass/Flying Shaymin (Sky Forme)
83%
#773 Grass Silvally (Grass Memory)
83%
#512 Grass Simisage
83%
#389 Grass/Ground Torterra
83%
#413 Bug/Grass Wormadam (Plant Cloak)
83%
#??? Dark/Grass Zarude
83%
#753 Grass Fomantis
67%
#754 Grass Lurantis
67%
#787 Grass/Fairy Tapu Bulu
50%
#421 Grass Cherrim (Overcast Form)
17%
#421 Grass Cherrim (Sunshine Form)
17%
No matching quizzes found
Score Distribution
Percent of People with Each Score
Percentile by Number Answered
Your Score History
You have not taken this quiz